What's Missing? (Geography) Quiz Stats

 Plays Quiz Updated Jan 24, 2016

Challenge
Share
Tweet
Embed
Score 0/20 Timer 10:00
0 Plays Today
List Missing Item % Correct
Arizona, Colorado, UtahNew Mexico
83.4%
Arctic, Atlantic, Pacific, SouthernIndian
82%
China, France, Russia, United StatesUnited Kingdom
75.3%
Erie, Michigan, Ontario, SuperiorHuron
71.8%
Estonia, LatviaLithuania
70.1%
Afghanistan, Kazakhstan, Kyrgyzstan, Pakistan, Turkmenistan, UzbekistanTajikistan
58.4%
Laos, Latvia, Lebanon, Lesotho, Liberia, Liechtenstein, Lithuania, LuxembourgLibya
51.8%
Canada, France, Germany, Japan, Russia, United Kingdom, United StatesItaly
47%
New Brunswick, Prince Edward IslandNova Scotia
41.8%
Brazil, France, Japan and South Korea, South AfricaGermany
39.9%
List Missing Item % Correct
Bloemfontein, PretoriaCape Town
39.8%
Algeria, Angola, Ecuador, Indonesia, Iran, Iraq, Kuwait, Libya, Nigeria, Qatar, UAE, VenezuelaSaudi Arabia
38.4%
New South Wales, South Australia, Tasmania, Victoria, Western AustraliaQueensland
35.5%
Chad, Fiji, Iran, Iraq, Laos, Mali, Oman, Peru, TogoCuba
34.1%
Hokkaido, Kyushu, ShikokuHonshu
30.3%
Mumbai, Delhi, Bangalore, ChennaiKolkata
29.2%
Cambridge, Hanover, Ithaca, New Haven, New York City, Philadelphia, ProvidencePrinceton
25.6%
Alexandria, Babylon, Ephesus, Halicarnassus, Olympia, RhodesGiza
24.1%
Albert, Malawi, Tanganyika, TurkanaVictoria
23.2%
Colossae, Ephesus, Galatia, Philippi, Rome, ThessalonicaCorinth
12.8%

You're not logged in!

Compare scores with friends on all Sporcle quizzes.
Join for Free
OR
Log In

You Might Also Like...

Show Comments

Extras

Top Quizzes Today


Score Distribution

Your Account Isn't Verified!

In order to create a playlist on Sporcle, you need to verify the email address you used during registration. Go to your Sporcle Settings to finish the process.

Report this User

Report this user for behavior that violates our Community Guidelines.

Details: